Komparácia ohodnotenia bezpečnostných rizík z pohľadu ocenenia a ich eliminácie
Dynamickosť faktorov globálnej politiky je transformovaná s vyššou mierou variability v kontexte bezpečnostných rizík. Je ovplyvnená s vysokou mierou intenzity a tak významne, že úloha lokálnych vlád a samotných štátov sa dostáva do úzadia a v medzinárodnom kontexte sa do popredia dostávajú medzinár...
Saved in:
| Main Author: | |
|---|---|
| Format: | Book Chapter |
| Language: | Slovak |
| Subjects: | |
| Tags: |
No Tags, Be the first to tag this record!
|
MARC
| LEADER | 00000naa$a2200000$$$4500 | ||
|---|---|---|---|
| 001 | 0229041 | ||
| 005 | 20240502073756.6 | ||
| 041 | 0 | |a slo | |
| 044 | |a SK | ||
| 245 | 1 | 0 | |a Komparácia ohodnotenia bezpečnostných rizík z pohľadu ocenenia a ich eliminácie |c František Hocman |
| 520 | |a Dynamickosť faktorov globálnej politiky je transformovaná s vyššou mierou variability v kontexte bezpečnostných rizík. Je ovplyvnená s vysokou mierou intenzity a tak významne, že úloha lokálnych vlád a samotných štátov sa dostáva do úzadia a v medzinárodnom kontexte sa do popredia dostávajú medzinárodné významné faktory pôsobenia cezhraničných rizík. Ohodnotenie miery rizika. Prístupy k meraniu rizika. | ||
| 610 | 2 | 0 | |a riziko |
| 610 | 2 | 0 | |a riziko bezpečnostné |
| 610 | 2 | 0 | |a meranie |
| 610 | 2 | 0 | |a rozhodovanie za rizika |
| 610 | 2 | 0 | |a rozhodovanie za neurčitosti |
| 610 | 2 | 0 | |a informácie |
| 610 | 2 | 0 | |a riadenie rizík |
| 610 | 2 | 0 | |a rozvoj hospodársky |
| 100 | 1 | |a Hocman, František, 1983- | |